|
|
|
|
| LEADER |
02491nam a2200613 4500 |
| 001 |
ocn816318550 |
| 003 |
OCoLC |
| 005 |
20170124070518.5 |
| 006 |
m o d |
| 007 |
cr cnu---unuuu |
| 008 |
121031s2012 enk ob 001 0 eng |
| 040 |
|
|
|a AU@
|b eng
|e pn
|c AU@
|d OCLCO
|d CUS
|d UIU
|d DG1
|d N$T
|d E7B
|d YDXCP
|d IDEBK
|d OCLCF
|d UKDOC
|d OCLCQ
|d CHVBK
|d NLGGC
|d DEBBG
|d OCLCQ
|d COO
|d OCLCQ
|d DG1
|d GrThAP
|
| 020 |
|
|
|a 9781118511831
|q (electronic bk.)
|
| 020 |
|
|
|a 1118511832
|q (electronic bk.)
|
| 020 |
|
|
|a 9781118511800
|q (electronic bk.)
|
| 020 |
|
|
|a 1118511808
|q (electronic bk.)
|
| 020 |
|
|
|z 1118511808
|
| 020 |
|
|
|z 1118329783
|
| 020 |
|
|
|z 9781118329788
|q (pbk. ;
|q alk. paper)
|
| 020 |
|
|
|z 9781118511787
|
| 029 |
0 |
|
|a AU@
|b 000050138939
|
| 029 |
1 |
|
|a CHSLU
|b 001174753
|
| 029 |
1 |
|
|a CHVBK
|b 327821396
|
| 029 |
1 |
|
|a DEBBG
|b BV041911232
|
| 029 |
1 |
|
|a NZ1
|b 15915521
|
| 035 |
|
|
|a (OCoLC)816318550
|
| 041 |
1 |
|
|a eng
|h dan
|
| 050 |
|
4 |
|a BF39
|
| 072 |
|
7 |
|a PSY
|x 032000
|2 bisacsh
|
| 082 |
0 |
4 |
|a 150.1/5195
|2 23
|
| 049 |
|
|
|a MAIN
|
| 100 |
1 |
|
|a Bech, Per.
|
| 240 |
1 |
0 |
|a Klinisk psykometri.
|l English
|
| 245 |
1 |
0 |
|a Clinical psychometrics /
|c Per Bech.
|
| 264 |
|
1 |
|a Chichester, West Sussex :
|b Wiley-Blackwell,
|c 2012.
|
| 300 |
|
|
|a 1 online resource
|
| 336 |
|
|
|a text
|b txt
|2 rdacontent
|
| 337 |
|
|
|a computer
|b c
|2 rdamedia
|
| 338 |
|
|
|a online resource
|b cr
|2 rdacarrier
|
| 504 |
|
|
|a Includes bibliographical references and index.
|
| 505 |
0 |
|
|a Classical psychometrics -- Modern psychiatry : DSM-IV/ICD-10 -- Modern dimensional psychometrics -- Modern psychometrics : item response categories and sufficient statistics -- The clinical consequences of IRT analyses : the pharmacopsychometric triangle -- The clinical consequences of IRT analyses : health-related quality of life -- The clinical consequences of IRT analyses : questionnaires as blood tests -- Summary and perspectives -- Who's carrying Einstein's baton?
|
| 588 |
0 |
|
|a Print version record.
|
| 650 |
|
0 |
|a Psychometrics.
|
| 650 |
|
0 |
|a Psychiatry.
|
| 650 |
|
2 |
|a Psychometrics
|x history.
|
| 650 |
|
2 |
|a Factor Analysis, Statistical.
|
| 650 |
|
2 |
|a Psychology, Clinical
|x instrumentation.
|
| 650 |
|
2 |
|a Psychopharmacology.
|
| 650 |
|
7 |
|a PSYCHOLOGY
|x Statistics.
|2 bisacsh
|
| 650 |
|
7 |
|a Psychiatry.
|2 fast
|0 (OCoLC)fst01081152
|
| 650 |
|
7 |
|a Psychometrics.
|2 fast
|0 (OCoLC)fst01081639
|
| 655 |
|
4 |
|a Electronic books.
|
| 856 |
4 |
0 |
|u https://doi.org/10.1002/9781118511800
|z Full Text via HEAL-Link
|
| 994 |
|
|
|a 92
|b DG1
|